1035 1609 1862 1917 1942 1096 1834 1508 1498 1438 1928 1447 1994 1755 1305 1399 1997 1321 1906 1368 1464 1627 1857 1086 1759 1290 1192 1650 1392 1056 1800 1037 1464 1654 1596 1216 1487 1358 1979 1699 1970 1424 1728 1349 1480 1818 1863 1075 1214 1697 1752 1871 1756 1583 1675 1473 1272 1808 1972 1119 1563 1731 1792 1752 1536 1816 1361 1527 1916 1853 1393 1235 1222 1664 1198 1645 1720 1186 1181 1518 1386 1005 1020 1866 1643 1527 1042 1700 1805 1458 1147 1765 1478 1379 1889 1378 1230 1022 1915 BCNSPRNW ULIB Ver.6.0+V

เปลี่ยนเป็นภาษาไทย

Change to English
 แสดงรายละเอียดบรรณานุกรม
  กลับหน้าหลัก

Brief Record : Get Marc (ISO 2709) : E-mail record : QR code < ปิดหน้าต่าง
LEADER : 00000nam 2200000uu 4500
001    13399121692
003     ULIB
008    121129s2549||||th 000 0 tha d
020    ^a9749980115
020    ^a9789749980115
060 04 ^aWS100^bช22ค
245 00 ^aคู่มือการใช้ยาในเด็ก /^cบรรณาธิการ, นวลจันทร์ ปราบพาล,จิตลัดดา ดีโรจนวงศ์
260    ^aกรุงเทพฯ :^bภาควิชากุมารเวชศาสตร์ คณะแพทยศาสตร์จุฬาลงกรณ์มหาวิทยาลัย,^c2549
300    ^avi, 258 หน้า ;^c19 ซม.
650  7 ^aการใช้ยา^xในวัยทารกและวัยเด็ก^vคู่มือ
650  7 ^aการรักษาด้วยยา^xในวัยทารกและวัยเด็ก^vคู่มือ
650  7 ^aกุมารเวชศาสตร์
700 0  ^aนวลจันทร์ ปราบพาล,^eบรรณาธิการ
700 0  ^aจิตลัดดา ดีโรจนวงศ์,^eบรรณาธิการ
710 2  ^aจุฬาลงกรณ์มหาวิทยาลัย. ^bคณะแพทยศาสตร์.^bภาควิชากุมารเวชศาสตร์
945    ^p0^l0^i14549
945    ^p0^l0^i15574
945    ^p0^l0^i15575
945    ^p0^l0^i15733
995    ^aวิภา
999 ^a ใช้งานได้ทุกระบบ
รายการนี้ยังไม่มีแท็ก
คุณยังไม่ได้ล็อกอิน คุณสามารถมีกิจกรรมร่วมกับเว็บไซต์ได้ แต่ต้องล็อกอินก่อน ::
  ล็อกอิน

รายการสื่อสารสนเทศ

ลำดับที่ ประเภท เลขเรียก/บาร์โค้ด สถานที่ สถานะ
1. วิทยาศาสตร์การแพทย์ และสุขภาพ
วิทยาศาสตร์การแพทย์ และสุขภาพ
WS100 ช22ค  
  Barcode: 14549
ห้องสมุดวิทยาเขตสวรรค์ประชารักษ์
►หนังสือทั่วไป
บนชั้น
2. วิทยาศาสตร์การแพทย์ และสุขภาพ
วิทยาศาสตร์การแพทย์ และสุขภาพ
WS100 ช22ค ฉ.2 
  Barcode: 15574
ห้องสมุดวิทยาเขตสวรรค์ประชารักษ์
►หนังสือทั่วไป
บนชั้น
3. วิทยาศาสตร์การแพทย์ และสุขภาพ
วิทยาศาสตร์การแพทย์ และสุขภาพ
WS100 ช22ค ฉ.3 
  Barcode: 15575
ห้องสมุดวิทยาเขตสวรรค์ประชารักษ์
►หนังสือทั่วไป
บนชั้น
4. วิทยาศาสตร์การแพทย์ และสุขภาพ
วิทยาศาสตร์การแพทย์ และสุขภาพ
WS100 ช22ค ฉ.4 
  Barcode: 15733
ห้องสมุดวิทยาเขตสวรรค์ประชารักษ์
►หนังสือทั่วไป
บนชั้น

รายการใกล้เคียง
    หัวเรื่อง [กุมารเวชศาสตร์]

BibComment


ยังไม่เคยถูกคอมเมนท์

คอมเมนท์ทรัพยากรรายการนี้
  คอมเมนท์: คู่มือการใช้ยาใน..


 Copyright 2026. Bcnsprnw @Library